000 00460nam a2200193Ia 4500
005 20240913125629.0
008 240913s9999||||xx |||||||||||||| ||und||
020 _a978-93-80013-03-9
041 _aENGLISH
082 _A620.5 P9
100 _aRakesh K Yadav
245 0 _aInvesting in Nanotechnology
250 _a1st
260 _c2009
_bMangla
500 _aREFERENCE
650 _aNanotechnology
_bNano Technology
942 _cREF
999 _c245946
_d245946